Statistics for NBA Last Position Western Conference Teams

Click here to take the quiz!

General Stats

  • This quiz has been taken 29 times
  • The average score is 14 of 37

Answer Stats

YearWest% Correct
2016Los Angeles Lakers
76%
2015Minnesota Timberwolves
60%
1980Utah Jazz
56%
1987Los Angeles Clippers
52%
1988Los Angeles Clippers
52%
1983Houston Rockets
48%
1982San Diego Clippers
48%
2003Denver Nuggets
44%
1984Houston Rockets
44%
2004Los Angeles Clippers
44%
2013Phoenix Suns
44%
2014Utah Jazz
44%
1981Dallas Mavericks
40%
1993Dallas Mavericks
40%
1994Dallas Mavericks
40%
2002Golden State Warriors
40%
2001Golden State Warriors
40%
2000Los Angeles Clippers
40%
1995Los Angeles Clippers
40%
1985Golden State Warriors
36%
1986Golden State Warriors
36%
2007Memphis Grizzlies
36%
2011Minnesota Timberwolves
36%
2010Minnesota Timberwolves
36%
2009Sacramento Kings
36%
1999Vancouver Grizzlies
36%
1998Denver Nuggets
32%
1991Denver Nuggets
32%
1992Minnesota Timberwolves
32%
2006Portland Trail Blazers
32%
1996Vancouver Grizzlies
32%
1997Vancouver Grizzlies
32%
2008Seattle Supersonics
28%
2005New Orleans Hornets
20%
2012New Orleans Hornets
20%
1990Charlotte Hornets
16%
1989Miami Heat
4%

Score Distribution

Percentile by Number Answered

Percent of People with Each Score

Your Score History

You have not taken this quiz